| 000 | 00441nam a2200157 4500 | ||
|---|---|---|---|
| 001 | 111029 | ||
| 003 | ES-MaACL | ||
| 005 | 20230906185227.0 | ||
| 007 | t| | ||
| 008 | 061121s1971 sp r ||||1| spa d | ||
| 100 | 1 |
_aNavas Ruiz, Ricardo. _985211 |
|
| 245 | 1 | 3 |
_aEl Romanticismo espaƱol _b: documentos / _cRicardo Navas Ruiz. |
| 260 |
_aSalamanca : _bAnaya, _c1971. |
||
| 300 |
_a319 p. ; _c17 cm. |
||
| 852 |
_aES-MaACL _jC-40488 _bR.79730 |
||
| 999 |
_c111029 _d111029 |
||